| 000 | 00661nam a2200229 i 4500 | ||
|---|---|---|---|
| 001 | bg | ||
| 100 | 1 | _aPIĘTKA, Jacek | |
| 245 | 1 | 0 |
_aĆwiczenia z Adobe Photoshop 7 PL / _cJacek Piętka. |
| 260 |
_aWarszawa : _b"Mikom", _c2003. |
||
| 300 |
_a89 s. : _bil. ; _c24 cm. |
||
| 500 | _aTyt. okł.: Ćwiczenia z... Adobe Photoshop 7 PL. | ||
| 650 | 9 | _aPhotoshop | |
| 655 | _aPodręczniki | ||
| 020 | _a8372793123 | ||
| 040 | _cBPK | ||
| 041 | 0 | _apol | |
| 080 | _a004.42:004.92](07) | ||
| 920 | _a83-7279-312-3 | ||
| 942 | _cKS | ||
| 008 | s pl f |000 0 pol | ||
| 999 |
_c43337 _d43337 |
||
| 856 |
_uhttp://koha.tu.koszalin.pl/cgi-bin/koha/opac-detail.pl?biblionumber=43337 _yKatalog online BPK |
||